000 00372nam a22001457a 4500
003 MACL
005 20200123170407.0
008 200123b xxu||||| |||| 00| 0 eng d
040 _cMACL
100 _aDagens, Bruno
_977927
245 _aThe Indian Temple : Mirror of the World
260 _aDelhi
_bNew Age Books
_c2016
650 _aGeography
_977928
942 _2ddc
_cBK
999 _c61873
_d61873